Mappa dell'Australia - Statistics

Statistiche generali
  • Questo quiz è stato fatto 5.799 volte
  • Il punteggio medio è 5 su 8
Risposte nella Mappa
Le risposte nella mappa del quiz sottostante sono codificate secondo una scala di colori dal rosso al verde in base alla % di persone che hanno risposto correttamente.
 
Statistiche sulle risposte
Risposta % Corretto
Australia Occidentale
75%
Tasmania
73%
Territorio del Nord
72%
Australia Meridionale
68%
Territorio della Capitale Australiana
62%
Nuovo Galles del Sud
46%
Queensland
46%
Victoria
33%
Nessun quiz corrispondente trovato
Distribuzione punteggi
Percentuale di utenti per punteggio
Percentile per numero di risposta
I tuoi punteggi nel tempo
Non hai fatto questo quiz